[Event "Budapest Tungsram"]
[Site "Budapest HUN"]
[Date "1973.??.??"]
[Round "14"]
[White "Karpov, Anatoly"]
[Black "Csom, Istvan"]
[Result "1/2-1/2"]
[WhiteElo "2660"]
[BlackElo "2540"]
[PlyCount "84"]
[EventDate "1973.??.??"]
[Source "www.chesslib.no"]
[SourceDate "2004.05.04"]

1. e4 c5 2. Nf3 d6 3. d4 cxd4 4. Qxd4 Nc6 5. Bb5 Qd7 6. Qe3 a6 7. Ba4 b5 8. Bb3 Na5 9. O-O e6 10. Rd1 Bb7 11. Nc3 Be7 12. e5 Nxb3 13. axb3 Rd8 14. Ne4 Qc6 15. Nxd6+ Bxd6 16. exd6 Rxd6 17. Bd2 Ne7 18. Bb4 Rd5 19. c4 bxc4 20. bxc4 Qxc4 21. Bxe7 Kxe7 22. Ne5 Qe4 23. Qg5+ Kf8 24. f3 Qxe5 25. Qxe5 Rxe5 26. Rd8+ Ke7 27. Rxh8 Rg5 28. Ra3 Rb5 29. Rxh7 Kf6 30. b3 Rb6 31. Rh4 Bd5 32. b4 g5 33. Rg4 Kf5 34. Ra5 f6 35. Kf2 Ke5 36. Ke3 Rc6 37. Rc5 Rb6 38. Rd4 f5 39. h4 f4+ 40. Kd3 gxh4 41. Kc3 Rb7 42. Rd2 Rh7 1/2-1/2

[Event "Buenos Aires Najdorf"]
[Site "Buenos Aires"]
[Date "1995.??.??"]
[Round "5"]
[White "Zarnicki, Pablo"]
[Black "Ricardi, Pablo"]
[Result "1/2-1/2"]
[WhiteElo "2570"]
[BlackElo "2545"]
[PlyCount "23"]
[EventDate "1995.07.??"]
[Source "ChessBase"]

1. e4 c5 2. Nf3 d6 3. d4 cxd4 4. Qxd4 Nc6 5. Bb5 Qd7 6. Bxc6 bxc6 7. c4 c5 8. Qd3 g6 9. Nc3 Bg7 10. O-O Nf6 11. Bg5 h6 12. Bh4 1/2-1/2

[Event "Olot"]
[Site "Olot"]
[Date "1973.??.??"]
[Round "?"]
[White "Kurajica, Bojan"]
[Black "Csom, Istvan"]
[Result "1/2-1/2"]
[WhiteElo "2475"]
[BlackElo "2540"]
[PlyCount "63"]
[EventDate "1973.??.??"]
[Source "www.chesslib.no"]
[SourceDate "2004.05.04"]

1. e4 c5 2. Nf3 d6 3. d4 cxd4 4. Qxd4 Nc6 5. Bb5 Qd7 6. Qe3 a6 7. Ba4 b5 8. Bb3 e6 9. Bd2 Nf6 10. a4 Bb7 11. axb5 axb5 12. Rxa8+ Bxa8 13. Na3 Qb7 14. Qd3 Be7 15. O-O b4 16. Nc4 O-O 17. Bg5 Rd8 18. Qe2 h6 19. Bh4 Nxe4 20. Qxe4 d5 21. Qg4 dxc4 22. Bxc4 Nd4 23. Bxe7 Nxf3+ 24. Qxf3 Qxe7 25. Qe3 Qf6 26. Qb6 Rc8 27. b3 Qc3 28. f3 Bd5 29. Bxd5 exd5 30. h3 Re8 31. Qf2 Ra8 32. Re1 1/2-1/2

[Event "Tch (Men) 2005/2006 NED"]
[Site "?"]
[Date "2006.03.25"]
[Round "8"]
[White "Bierenbroodspot Paul"]
[Black "Tiviakov Sergei"]
[Result "0-1"]
[WhiteElo "2282"]
[BlackElo "2669"]
[PlyCount "90"]
[EventDate "2006.??.??"]
[Source "www.chesslib.no"]
[SourceDate "2004.05.04"]

1. e4 c5 2. Nf3 d6 3. d4 cxd4 4. Qxd4 Nc6 5. Bb5 Qd7 6. Qa4 a6 7. O-O e6 8. Bf4 e5 9. Be3 Nf6 10. Bd3 Nd8 11. Qb3 Qc6 12. Nbd2 Bg4 13. Nc4 Bxf3 14. gxf3 Be7 15. Kh1 O-O 16. Nb6 Rb8 17. Rg1 Ne6 18. Nd5 Rfe8 19. Bc4 b5 20. Nxe7+ Rxe7 21. Bd5 Qc7 22. c3 Nf4 23. Bxf4 exf4 24. Qd1 Qc5 25. Bb3 Qxf2 26. Rg2 Qc5 27. Qd2 Nh5 28. Rag1 g6 29. Rg4 Kf8 30. Rd1 Rb6 31. Bd5 Qe3 32. Qxe3 fxe3 33. Bb3 d5 34. Re1 Nf6 35. Bxd5 Nxg4 36. fxg4 Rf6 37. Rxe3 Rf2 38. b4 Rc7 39. Bb3 Rd7 40. Kg1 Rdd2 41. h3 Rg2+ 42. Kf1 Rdf2+ 43. Ke1 Rb2 44. Kf1 Rgf2+ 45. Kg1 Rfe2 0-1

[Event "Warszawa Cup5-A"]
[Site "Warsaw POL"]
[Date "1979.??.??"]
[Round "1"]
[White "Ciric, Dragoljub M"]
[Black "Kuligowski, Adam"]
[Result "1-0"]
[WhiteElo "2440"]
[BlackElo "2495"]
[PlyCount "73"]
[EventDate "1979.05.??"]
[Source "www.chesslib.no"]
[SourceDate "2004.05.04"]

1. e4 c5 2. Nf3 d6 3. d4 cxd4 4. Qxd4 Nc6 5. Bb5 Qd7 6. Bxc6 bxc6 7. O-O e5 8. Qd3 Be7 9. Rd1 Nf6 10. c4 O-O 11. Nc3 Qe6 12. b4 h6 13. a4 Bb7 14. Nh4 d5 15. exd5 cxd5 16. cxd5 Nxd5 17. Nf5 Rfd8 18. Nxd5 Rxd5 19. Nxe7+ Qxe7 20. Qe2 Rxd1+ 21. Qxd1 Rd8 22. Qe2 Qxb4 23. Be3 Rd6 24. f3 e4 25. f4 Rd3 26. h3 Qb3 27. Re1 Qxa4 28. Rb1 Qc6 29. Bxa7 Rc3 30. Be3 Rc2 31. Qb5 Qc3 32. Qb6 Qd3 33. Re1 Bc6 34. Kh2 Qa3 35. Qd8+ Kh7 36. Qd4 Qa2 37. Rg1 1-0

[Event "WchT U26"]
[Site "Graz AUT"]
[Date "1981.??.??"]
[Round "?"]
[White "Campora, Daniel H"]
[Black "Kuligowski, Adam"]
[Result "1-0"]
[WhiteElo "2455"]
[BlackElo "2450"]
[PlyCount "95"]
[EventDate "1981.08.??"]
[Source "www.chesslib.no"]
[SourceDate "2004.05.04"]

1. e4 c5 2. Nf3 d6 3. d4 cxd4 4. Qxd4 Nc6 5. Bb5 Qd7 6. Qd3 a6 7. Bxc6 Qxc6 8. Nc3 b5 9. O-O Bb7 10. a4 bxa4 11. Nd4 Qd7 12. Nxa4 Qc7 13. c4 Rc8 14. b3 Nf6 15. f3 e6 16. Be3 Nd7 17. Qe2 Be7 18. Rfc1 O-O 19. b4 Qb8 20. Rab1 g6 21. Qc2 Qa8 22. c5 Bc6 23. cxd6 Bxd6 24. Nc5 Nxc5 25. bxc5 Bc7 26. Bh6 Rfe8 27. Nxc6 Qxc6 28. Qb2 e5 29. Qb7 Ba5 30. Qxc6 Rxc6 31. Kf1 Rec8 32. Be3 Bd8 33. Rb7 Kf8 34. Rd1 Ke8 35. Rd5 Bc7 36. Ke2 Rb8 37. Rxb8+ Bxb8 38. Kd3 Bc7 39. Kc4 Ke7 40. Rd3 Ke6 41. Rd1 Ke7 42. Kd5 Kd7 43. Bh6 g5 44. Bxg5 Rg6 45. h4 f6 46. c6+ Kc8 47. Be3 Rxg2 48. Rg1 1-0

[Event "Parcetic Memorial"]
[Site "Sombor"]
[Date "1976.??.??"]
[Round "13"]
[White "Damjanovic, Mato"]
[Black "Benko, Pal C"]
[Result "1/2-1/2"]
[WhiteElo "2425"]
[BlackElo "2480"]
[PlyCount "45"]
[EventDate "1976.12.??"]
[Source "www.chesslib.no"]
[SourceDate "2004.05.04"]

1. e4 c5 2. Nf3 d6 3. d4 cxd4 4. Qxd4 Nc6 5. Bb5 Qd7 6. O-O Nxd4 7. Nxd4 Nf6 8. Nc3 e6 9. Bg5 Be7 10. Rad1 a6 11. Bxd7+ Bxd7 12. Nde2 b5 13. a3 Bc6 14. Bxf6 gxf6 15. Rd3 Rg8 16. f3 Rc8 17. Rfd1 Bb7 18. Kf2 Rc5 19. b4 Rc4 20. R1d2 Rc7 21. Nf4 Kd7 22. Nce2 Rgc8 23. c3 1/2-1/2

[Event "Petrov mem op"]
[Site "St Petersburg"]
[Date "2002.02.18"]
[Round "7"]
[White "Voitsekhovsky, Stanislav"]
[Black "Gajsin, Evgenij"]
[Result "1-0"]
[WhiteElo "2527"]
[BlackElo "2376"]
[PlyCount "141"]
[EventDate "2002.02.12"]
[Source "ChessBase"]
[SourceDate "2002.03.14"]

1. e4 c5 2. Nf3 d6 3. d4 cxd4 4. Qxd4 Nc6 5. Bb5 Qd7 6. Bxc6 bxc6 7. O-O e5 8. Qd3 f5 9. c4 fxe4 10. Qxe4 Nf6 11. Qe2 Ba6 12. Nc3 Be7 13. Rd1 Qg4 14. b3 O-O 15. h3 Qf5 16. Bg5 h6 17. Bxf6 Rxf6 18. Ne4 Rg6 19. Ng3 Qe6 20. Re1 c5 21. Qe4 Rf8 22. Rad1 Rgf6 23. Re3 Qc8 24. Qd3 Bb7 25. Ne4 Rg6 26. Nfd2 Kh8 27. Nb1 Bh4 28. Rf1 d5 29. cxd5 Ba6 30. Qd1 Bxf1 31. Qxf1 Qa6 32. Nbc3 Qxf1+ 33. Kxf1 Rc8 34. Nb5 Ra6 35. Nbd6 Rb8 36. Re2 Bf6 37. Nc4 Rc8 38. Rd2 Bg5 39. Rd1 Rxa2 40. d6 Bd8 41. d7 Rc7 42. Nxe5 Kh7 43. Nd6 Ra6 44. Ndf7 Be7 45. d8=Q Bxd8 46. Rxd8 g5 47. Nd6 Rb6 48. Ng4 Rxb3 49. Nf6+ Kg6 50. Nd5 Rg7 51. Nc4 Kh7 52. g3 Rb1+ 53. Kg2 Re1 54. g4 Re6 55. Rc8 a6 56. Rxc5 Ra7 57. Kg3 Rf7 58. Nde3 Rb7 59. h4 gxh4+ 60. Kxh4 Rb5 61. Rc7+ Kg8 62. Nf5 Rb1 63. Ncd6 Rh1+ 64. Kg3 a5 65. Ra7 Ra1 66. Nf7 a4 67. N7xh6+ Kf8 68. g5 a3 69. Kf4 Re2 70. f3 Ke8 71. g6 1-0

[Event "Prague Bohemians"]
[Site "Prague CZE"]
[Date "1980.??.??"]
[Round "3"]
[White "Prandstetter, Eduard"]
[Black "Ilic, Zoran"]
[Result "1/2-1/2"]
[WhiteElo "2445"]
[BlackElo "2440"]
[PlyCount "28"]
[EventDate "1979.??.??"]
[Source "www.chesslib.no"]
[SourceDate "2004.05.04"]

1. e4 c5 2. Nf3 d6 3. d4 cxd4 4. Qxd4 Nc6 5. Bb5 Qd7 6. Bxc6 bxc6 7. O-O e5 8. Qd3 Be7 9. c4 Ba6 10. Nc3 Rd8 11. b3 h6 12. Rd1 Nf6 13. h3 O-O 14. Be3 Qc7 1/2-1/2

[Event "Bhilwara"]
[Site "New Delhi IND"]
[Date "1986.??.??"]
[Round "?"]
[White "Barua, Dibyendu"]
[Black "Thipsay, Praveen Mahadeo"]
[Result "1/2-1/2"]
[WhiteElo "2395"]
[BlackElo "2485"]
[PlyCount "105"]
[EventDate "1986.??.??"]
[Source "www.chesslib.no"]
[SourceDate "2004.05.04"]

1. e4 c5 2. Nf3 d6 3. d4 cxd4 4. Qxd4 Nc6 5. Bb5 Qd7 6. c4 Nxd4 7. Nxd4 Nf6 8. Nc3 a6 9. Bxd7+ Bxd7 10. a4 g6 11. f3 Bg7 12. Be3 O-O 13. O-O Rac8 14. b3 Rfd8 15. Rfd1 Kf8 16. a5 Bc6 17. Rac1 Nd7 18. Rc2 Nc5 19. b4 Na4 20. Nce2 Bd7 21. Rdc1 Rc7 22. Nb3 Rb8 23. Nd2 b6 24. axb6 Nxb6 25. c5 Na4 26. cxd6 Rxc2 27. dxe7+ Kxe7 28. Rxc2 Rxb4 29. Nf4 Rb7 30. Nd5+ Kf8 31. Nc4 Be6 32. Ra2 Rb1+ 33. Kf2 Ra1 34. Rc2 Rb1 35. Nc7 Nc3 36. Bc5+ Kg8 37. Rd2 h5 38. Rd8+ Kh7 39. Nxe6 fxe6 40. Rd7 Kg8 41. e5 Rc1 42. Bd4 Nd1+ 43. Ke2 Rxc4 44. Kxd1 Bf8 45. Kd2 a5 46. Kd3 Rc8 47. Ra7 Bb4 48. Ra6 Kf7 49. Ra7+ Kg8 50. g4 hxg4 51. fxg4 Rc1 52. Ra6 Kf7 53. Ra7+ 1/2-1/2

[Event "Brighton"]
[Site "Brighton"]
[Date "1981.??.??"]
[Round "2"]
[White "Short, Nigel D"]
[Black "Sigurjonsson, Gudmundur"]
[Result "1-0"]
[WhiteElo "2440"]
[BlackElo "2440"]
[PlyCount "117"]
[EventDate "1981.12.??"]
[Source "ChessBase"]

1. e4 c5 2. Nf3 d6 3. d4 cxd4 4. Qxd4 Nc6 5. Bb5 Qd7 6. Qe3 a6 7. Be2 Nf6 8. O-O Qc7 9. c4 e6 10. Nc3 Be7 11. h3 O-O 12. Rd1 b6 13. b3 Rd8 14. Bb2 Bd7 15. Rac1 Qb7 16. Rd2 Be8 17. Rcd1 Qc7 18. Bf1 Rab8 19. Ba3 Rd7 20. Nd4 Rdd8 21. Nc2 Rbc8 22. f4 Na5 23. e5 dxe5 24. Bxe7 Rxd2 25. Bxf6 Rxd1 26. Qg3 Rxf1+ 27. Kxf1 g6 28. Qg5 Qd6 29. Ne4 Qd1+ 30. Ne1 Qh5 31. Qxh5 gxh5 32. fxe5 Nb7 33. Nd3 Bc6 34. Nd6 Nxd6 35. exd6 Kf8 36. Ne5 Ke8 37. Ke2 Bd7 38. Ke3 Rc5 39. g3 Rxe5+ 40. Bxe5 Bc6 41. Kf4 Bg2 42. h4 f5 43. Kg5 Bf3 44. Kh6 Kd7 45. Kxh7 Bd1 46. Kg6 Kc6 47. b4 Kd7 48. a4 a5 49. b5 Bf3 50. Kg5 Be2 51. c5 bxc5 52. b6 Bf3 53. b7 Bxb7 54. Kxh5 c4 55. Kg5 c3 56. Bxc3 Kxd6 57. h5 f4 58. Kxf4 Ba6 59. Ke3 1-0

[Event "Wch U18"]
[Site "Szeged HUN"]
[Date "1994.??.??"]
[Round "6"]
[White "Dzhumaev, Marat"]
[Black "Dao, Thien Hai"]
[Result "1/2-1/2"]
[WhiteElo "2370"]
[BlackElo "2495"]
[PlyCount "96"]
[EventDate "1994.??.??"]
[Source "www.chesslib.no"]
[SourceDate "2004.05.04"]

1. e4 c5 2. Nf3 d6 3. d4 cxd4 4. Qxd4 Nc6 5. Bb5 Qd7 6. Qe3 e6 7. c4 Qc7 8. Nc3 Bd7 9. O-O Nf6 10. b3 Be7 11. Bb2 O-O 12. Rad1 a6 13. Bxc6 Bxc6 14. Nd4 b6 15. Rfe1 Bb7 16. f4 Rfd8 17. Qh3 Bf8 18. Kh1 d5 19. cxd5 exd5 20. e5 Ne4 21. Nxe4 dxe4 22. e6 Bd5 23. f5 f6 24. Ne2 Bb7 25. Rc1 Qe7 26. Bd4 Rac8 27. Bxb6 Rd3 28. Qh5 Bc6 29. Nf4 Rd2 30. Be3 Rdd8 31. Qg4 Qb7 32. h4 Bb4 33. Red1 Ba3 34. Rxd8+ Rxd8 35. e7 Re8 36. Ne6 Rxe7 37. Nd8 Bxc1 38. Nxb7 Bxe3 39. Nd8 Bd5 40. Qg3 Bc5 41. b4 Bxb4 42. Ne6 Bxe6 43. fxe6 Rxe6 44. Qb3 Kf7 45. Qxb4 e3 46. Qb7+ Re7 47. Qd5+ Kf8 48. Qd8+ Kf7 1/2-1/2

[Event "Mitropa Cup 17th"]
[Site "Montecatini Terme"]
[Date "1997.??.??"]
[Round "3"]
[White "Stevic, Hrvoje"]
[Black "Acs, Peter"]
[Result "1/2-1/2"]
[WhiteElo "2400"]
[BlackElo "2460"]
[PlyCount "121"]
[EventDate "1997.11.07"]
[Source "ChessBase"]
[SourceDate "1998.03.09"]

1. e4 c5 2. Nf3 d6 3. d4 cxd4 4. Qxd4 Nc6 5. Bb5 Qd7 6. Bxc6 Qxc6 7. Nc3 Bg4 8. Bg5 h6 9. Bh4 Rc8 10. O-O-O Qc5 11. Qa4+ Bd7 12. Qb3 g5 13. Bg3 g4 14. Ne1 Bg7 15. e5 Be6 16. Qxb7 dxe5 17. Nd3 Qb6 18. Qxb6 axb6 19. Bxe5 Bxe5 20. Nxe5 Nf6 21. Rd4 Rg8 22. Rb4 Rg5 23. Nd3 Rc6 24. Nf4 Bc4 25. Rd1 Rf5 26. Rd4 Ba6 27. Rd2 Bc4 28. g3 e5 29. Ng2 Be6 30. Ne3 Rh5 31. Ne4 Ke7 32. Nxf6 Kxf6 33. Nxg4+ Bxg4 34. Rxg4 Rxh2 35. b3 h5 36. Rb4 Ke6 37. Rb5 h4 38. Re2 f6 39. gxh4 Rxh4 40. a4 Kf5 41. a5 bxa5 42. Rxa5 Re4 43. Rd2 Kf4 44. Rad5 f5 45. c4 Re1+ 46. Kb2 Kf3 47. R5d3+ Kg4 48. Rg3+ Kf4 49. Rc3 Ra6 50. Rc1 Rxc1 51. Kxc1 e4 52. Kb2 Kf3 53. c5 f4 54. b4 e3 55. fxe3 fxe3 56. Rd1 e2 57. Rc1 Re6 58. b5 Re5 59. b6 Rxc5 60. Rxc5 e1=Q 61. Rc3+ 1/2-1/2

[Event "Altensteig-B"]
[Site "Altensteig"]
[Date "1993.??.??"]
[Round "4"]
[White "Kraut, Rainer"]
[Black "Votava, Jan"]
[Result "0-1"]
[WhiteElo "2425"]
[BlackElo "2425"]
[PlyCount "98"]
[EventDate "1993.07.??"]
[Source "ChessBase"]

1. e4 c5 2. Nf3 d6 3. d4 cxd4 4. Qxd4 Nc6 5. Bb5 Qd7 6. Bxc6 bxc6 7. c4 Nf6 8. Nc3 g6 9. O-O Bg7 10. Bg5 h6 11. Bh4 g5 12. Bg3 Nh5 13. Qd3 O-O 14. Rad1 Qe6 15. c5 d5 16. Nd4 Nxg3 17. Qxg3 Bxd4 18. Rxd4 Qf6 19. e5 Qg7 20. Re1 f5 21. f4 e6 22. Ra4 Qe7 23. Qf2 a5 24. Rc1 Kh7 25. Ne2 Ba6 26. Nd4 Bb5 27. Ra3 Rg8 28. Rh3 Rg6 29. Rcc3 Rag8 30. fxg5 Rxg5 31. Rhg3 Rxg3 32. hxg3 Rb8 33. b3 a4 34. Kh2 Qd7 35. Rc1 Bd3 36. Qf4 Be4 37. Qh4 Rf8 38. b4 Qe8 39. b5 Rg8 40. Nxc6 Rg5 41. Kg1 d4 42. Nxd4 Rg4 43. Qf6 Rxg3 44. Kf2 Rxg2+ 45. Ke3 Qh5 46. Rf1 Qh3+ 47. Nf3 Rg6 48. Qf8 Rg3 49. Kd4 Bxf3 0-1

[Event "Camp. Commonwealth 2008"]
[Site "Nagpur IND"]
[Date "2008.10.04"]
[Round "9"]
[White "Sengupta, D."]
[Black "Vidit, S."]
[Result "0-1"]
[WhiteElo "2454"]
[BlackElo "2356"]
[PlyCount "142"]
[EventDate "2008.09.28"]
[Source "www.chesslib.no"]
[SourceDate "2004.05.04"]

1. e4 c5 2. Nf3 d6 3. d4 cxd4 4. Qxd4 Nc6 5. Bb5 Qd7 6. Bxc6 Qxc6 7. Nc3 Bg4 8. Nd2 Nf6 9. Nb3 e5 10. Qd3 h6 11. Be3 b6 12. f4 Be6 13. O-O-O Bc4 14. Qd2 a5 15. Kb1 Be7 16. Rhe1 Rc8 17. Nc1 b5 18. fxe5 dxe5 19. Bg1 Rd8 20. Qe3 O-O 21. Qb6 Qa8 22. Qc7 Rfe8 23. Rxd8 Bxd8 24. Qa7 Qxa7 25. Bxa7 b4 26. Nd1 Bb5 27. Nd3 Bc6 28. N1f2 Bc7 29. b3 Ra8 30. Bc5 Nd7 31. Be3 Rd8 32. Kb2 Nf6 33. Ba7 Ra8 34. Bc5 Nd7 35. Be3 Nf6 36. Bc5 Nd7 37. Be3 Nf6 38. Nc5 Bb6 39. a3 bxa3+ 40. Kxa3 Rc8 41. Ncd3 Bc7 42. Bd2 Bd6+ 43. Kb2 a4 44. Bb4 Bb8 45. Bc3 Nd7 46. Nb4 Bb7 47. Bd2 Nc5 48. Nbd3 Nxd3+ 49. Nxd3 axb3 50. cxb3 Ba7 51. Bc3 f6 52. g3 Bb6 53. Nb4 Rd8 54. Kc2 Kf7 55. Na2 Ke6 56. Bd2 Bf2 57. Re2 Bd4 58. Nc3 Ba6 59. Re1 Bf2 60. Ra1 Bd3+ 61. Kb2 Bd4 62. Re1 Rb8 63. Be3 Bc4 64. Bxd4 Rxb3+ 65. Kc2 exd4 66. Na4 Ke5 67. Nb2 d3+ 68. Kb1 Kd4 69. Rc1 Rb4 70. Ka1 d2 71. Rb1 Be2 0-1

[Event "DEN-ch"]
[Site "Tarnby"]
[Date "1983.??.??"]
[Round "3"]
[White "Kristiansen, Jens"]
[Black "Iskov, Gert"]
[Result "1-0"]
[WhiteElo "2445"]
[BlackElo "2360"]
[PlyCount "81"]
[EventDate "1983.??.??"]
[Source "ChessBase"]

1. e4 c5 2. Nf3 d6 3. d4 cxd4 4. Qxd4 Nc6 5. Bb5 Qd7 6. Qd3 a6 7. Ba4 b5 8. Bb3 e6 9. a4 b4 10. a5 Bb7 11. Nbd2 Nf6 12. Nc4 Rd8 13. Bf4 Be7 14. O-O O-O 15. Rfd1 Qc7 16. Bxd6 Bxd6 17. Nxd6 Nxe4 18. Qxe4 Rxd6 19. Ng5 g6 20. Qh4 h5 21. Ne4 Rxd1+ 22. Rxd1 Qxa5 23. Nf6+ Kg7 24. Nd7 Re8 25. Qf6+ Kg8 26. h4 Bc8 27. Rd3 Bxd7 28. Rxd7 Ne5 29. Bxe6 Rxe6 30. Rd8+ Qxd8 31. Qxd8+ Kh7 32. Qf8 Rc6 33. f4 Ng4 34. Qxf7+ Kh6 35. Qe8 Rc7 36. Qh8+ Rh7 37. Qf8+ Rg7 38. Qxb4 Kh7 39. Qd6 Rb7 40. b3 a5 41. f5 1-0

[Event "HUN-chT2 9798"]
[Site "HUN"]
[Date "1997.??.??"]
[Round "?"]
[White "Horvath, Csaba"]
[Black "Antal, Sebestyen Jr"]
[Result "0-1"]
[WhiteElo "2485"]
[BlackElo "2320"]
[PlyCount "44"]
[EventDate "1997.??.??"]
[Source "www.chesslib.no"]
[SourceDate "2004.05.04"]

1. e4 c5 2. Nf3 d6 3. d4 cxd4 4. Qxd4 Nc6 5. Bb5 Qd7 6. Qa4 a6 7. Be3 Rb8 8. Bxc6 Qxc6 9. Qd4 Bg4 10. Nc3 e6 11. Nd2 e5 12. Qa7 Rd8 13. Nd5 Ne7 14. Bg5 f6 15. Bxf6 gxf6 16. Nxf6+ Kf7 17. Nxg4 h5 18. Ne3 Bh6 19. Nd5 Nxd5 20. exd5 Qxd5 21. Nf3 Qe4+ 22. Kd1 Qc6 0-1

[Event "Calcutta op"]
[Site "Calcutta"]
[Date "1994.??.??"]
[Round "3"]
[White "Girinath, PDS."]
[Black "Thipsay, Praveen Mahadeo"]
[Result "0-1"]
[WhiteElo "2330"]
[BlackElo "2475"]
[PlyCount "78"]
[EventDate "1994.02.??"]
[Source "ChessBase"]

1. e4 c5 2. Nf3 d6 3. d4 cxd4 4. Qxd4 Nc6 5. Bb5 Qd7 6. Bxc6 bxc6 7. c4 e5 8. Qd3 Nf6 9. Nc3 Be7 10. O-O O-O 11. Bg5 Qe6 12. b3 Bb7 13. Nh4 g6 14. Bh6 Rfd8 15. Nf5 Bf8 16. Bxf8 Rxf8 17. Ne3 Nh5 18. g3 Qf6 19. Rfd1 Ng7 20. Qf1 Ne6 21. Rd3 Nc5 22. Rd2 a5 23. Rad1 h5 24. f3 Kg7 25. Qf2 Bc8 26. h4 Rb8 27. Na4 Nxa4 28. bxa4 Ba6 29. f4 exf4 30. Qxf4 Qxf4 31. gxf4 Rfe8 32. Rd4 Rb2 33. a3 Bb7 34. e5 dxe5 35. Re4 Rb3 36. fxe5 Bc8 37. Nc2 Bf5 38. Nd4 Bxe4 39. Nxb3 Bc2 0-1

[Event "ROM Team Ch"]
[Site "Romania"]
[Date "1994.??.??"]
[Round "?"]
[White "Georgescu, Gabriel"]
[Black "Barbu, Nicolae"]
[Result "0-1"]
[WhiteElo "2420"]
[BlackElo "2350"]
[PlyCount "72"]
[EventDate "1994.??.??"]
[Source "www.chesslib.no"]
[SourceDate "2004.05.04"]

1. e4 c5 2. Nf3 d6 3. d4 cxd4 4. Qxd4 Nc6 5. Bb5 Qd7 6. Qd3 a6 7. Bxc6 bxc6 8. O-O e5 9. c4 Nf6 10. Nc3 Be7 11. Bg5 Qe6 12. Rad1 h6 13. Bxf6 Qxf6 14. Ne1 O-O 15. Nc2 Qg6 16. Ne3 Rd8 17. Kh1 Qg5 18. Ne2 g6 19. f4 exf4 20. Rxf4 Be6 21. Rdf1 Rf8 22. Nd4 Bd7 23. R4f3 Qc5 24. Rg3 Bh4 25. Rgf3 Rae8 26. a3 Qe5 27. Rf4 Bg5 28. Ne2 Bxf4 29. Rxf4 f5 30. h3 g5 31. Rf1 fxe4 32. Rxf8+ Rxf8 33. Qd2 Be6 34. b3 Bxh3 35. gxh3 Rf2 36. Ng4 Qa1+ 0-1

[Event "Clarin GP Open 4th"]
[Site "Potrero de los Funes"]
[Date "1995.??.??"]
[Round "2"]
[White "Andres, Miguel"]
[Black "Quiroga, Facundo"]
[Result "1-0"]
[WhiteElo "2325"]
[BlackElo "2440"]
[PlyCount "93"]
[EventDate "1995.06.17"]
[Source "www.chesslib.no"]
[SourceDate "2004.05.04"]

1. e4 c5 2. Nf3 d6 3. d4 cxd4 4. Qxd4 Nc6 5. Bb5 Qd7 6. Qd3 a6 7. Bxc6 bxc6 8. O-O e5 9. c4 Qc7 10. c5 Nf6 11. cxd6 Qxd6 12. Qc2 Be7 13. Nxe5 Bb7 14. Nc4 Qc7 15. f3 O-O 16. Be3 c5 17. Nc3 Bc6 18. Rfd1 Rfd8 19. Bf2 Bb5 20. Ne3 Bc6 21. Nf5 Rxd1+ 22. Rxd1 Bf8 23. Bg3 Qa5 24. Be1 Qc7 25. Bg3 Qa5 26. Be1 Qc7 27. Ne3 Qb7 28. Nc4 Bb5 29. b3 g6 30. Nd5 Nxd5 31. Rxd5 Bd7 32. Bf2 Be6 33. Rd1 Qc7 34. Ne3 Rd8 35. Nd5 Bxd5 36. exd5 Bd6 37. g3 Re8 38. Qd3 Qa5 39. Qd2 Qb5 40. Re1 Rc8 41. Re4 c4 42. Qc3 Bb4 43. bxc4 Bxc3 44. cxb5 axb5 45. d6 Kg7 46. Bb6 Bf6 47. d7 1-0

[Event "DDR Ch 35th"]
[Site "Nordhausen"]
[Date "1986.??.??"]
[Round "?"]
[White "Becker, Michael"]
[Black "Boensch, Uwe"]
[Result "0-1"]
[WhiteElo "2275"]
[BlackElo "2475"]
[PlyCount "120"]
[EventDate "1986.02.10"]
[Source "www.chesslib.no"]
[SourceDate "2004.05.04"]

1. e4 c5 2. Nf3 d6 3. d4 cxd4 4. Qxd4 Nc6 5. Bb5 Qd7 6. Bxc6 Qxc6 7. Nc3 e5 8. Qd3 Be6 9. b3 Rc8 10. Bb2 Nf6 11. O-O Be7 12. Ng5 Bd7 13. Rac1 h6 14. Nf3 b5 15. Rfe1 O-O 16. Nd1 Be6 17. Nd2 Nh5 18. g3 f5 19. c4 fxe4 20. Qxe4 Qxe4 21. Rxe4 Bg5 22. f4 Bd8 23. fxe5 Bg5 24. Ne3 dxe5 25. Rxe5 Bh3 26. Ba3 Rfe8 27. Rxg5 hxg5 28. Nd5 Kh8 29. Nf3 bxc4 30. Nxg5 cxb3 31. Rxc8 Bxc8 32. axb3 Re1+ 33. Kf2 Ra1 34. Ne7 Nf6 35. Bc5 Ng4+ 36. Kf3 Ne5+ 37. Ke4 Re1+ 38. Kd5 Bb7+ 39. Kd6 a6 40. Bd4 Nf3 41. Nxf3 Bxf3 42. Nf5 Rb1 43. Bxg7+ Kh7 44. Be5 Bd1 45. Nd4 Bxb3 46. Nc6 Rd1+ 47. Nd4 Bf7 48. Kc5 a5 49. Kb5 Ra1 50. g4 a4 51. Kb4 Be8 52. h4 Re1 53. Bf6 Re4 54. g5 Kg6 55. Ka3 Re3+ 56. Kb4 Rh3 57. Ne2 Rb3+ 58. Kc5 a3 59. Nd4 Rb1 60. Kc4 Ba4 0-1

[Event "Wiesbaden Open"]
[Site "Wiesbaden GER"]
[Date "1991.??.??"]
[Round "6"]
[White "Galdunts, Sergey"]
[Black "Zimmer, Ralph"]
[Result "1-0"]
[WhiteElo "2470"]
[BlackElo "2275"]
[PlyCount "124"]
[EventDate "1991.??.??"]
[Source "www.chesslib.no"]
[SourceDate "2004.05.04"]

1. e4 c5 2. Nf3 d6 3. d4 cxd4 4. Qxd4 Nc6 5. Bb5 Qd7 6. Qd3 e6 7. c4 Nge7 8. Bf4 a6 9. Ba4 Ng6 10. Bg3 Be7 11. Nc3 O-O 12. Rd1 Rd8 13. O-O Qe8 14. Qe3 Qf8 15. Rd2 e5 16. Qb6 Be6 17. Nd5 Rdc8 18. Nxe7+ Qxe7 19. Rfd1 Bxc4 20. Rxd6 Rd8 21. Rxd8+ Rxd8 22. Rxd8+ Nxd8 23. Nxe5 Bxa2 24. b3 Ne6 25. Nd7 Qg5 26. h4 Qc1+ 27. Kh2 Qc8 28. f3 Ngf8 29. Nxf8 Nxf8 30. Bd6 Nd7 31. Qf2 Bb1 32. b4 b5 33. Bb3 Bd3 34. e5 Bc4 35. Bc2 Nf8 36. f4 Bd5 37. Bd3 Qc3 38. Qg3 Qd2 39. f5 Bxg2 40. Qxg2 Qxd3 41. f6 g6 42. Bxf8 Qd4 43. Bc5 Qxh4+ 44. Qh3 Qf4+ 45. Qg3 Qd2+ 46. Kg1 Qd1+ 47. Kg2 Qd2+ 48. Kh3 Qh6+ 49. Qh4 Qc1 50. Qe4 Qh6+ 51. Kg3 Qg5+ 52. Kf3 Qh5+ 53. Kf2 Qh2+ 54. Ke1 Qg3+ 55. Ke2 Qh2+ 56. Kd1 h5 57. e6 Qa2 58. e7 Qa1+ 59. Kd2 Qa2+ 60. Ke3 Qb3+ 61. Kf4 g5+ 62. Kxg5 Qg3+ 1-0

[Event "Wch U18"]
[Site "Bratislava SVK"]
[Date "1993.??.??"]
[Round "5"]
[White "Dzhumaev, Marat"]
[Black "Irzhanov, Ruslan"]
[Result "1/2-1/2"]
[WhiteElo "2355"]
[BlackElo "2385"]
[PlyCount "100"]
[EventDate "1993.??.??"]
[Source "www.chesslib.no"]
[SourceDate "2004.05.04"]

1. e4 c5 2. Nf3 d6 3. d4 cxd4 4. Qxd4 Nc6 5. Bb5 Qd7 6. Qe3 a6 7. Ba4 Nf6 8. O-O b5 9. Bb3 e6 10. a4 Rb8 11. axb5 axb5 12. Nc3 Be7 13. Rd1 O-O 14. h3 Qb7 15. Nd5 exd5 16. exd5 Nb4 17. Ra7 Nbxd5 18. Bxd5 Nxd5 19. Qd4 Qb6 20. Qxb6 Rxb6 21. Rxd5 Be6 22. Rd1 Bf6 23. Be3 Rbb8 24. Bd4 Bd8 25. Rda1 Re8 26. Ra8 Be7 27. Rxb8 Rxb8 28. Ra7 Bd8 29. Nd2 Bf5 30. c3 h6 31. Nf1 Bg5 32. Ng3 Bg6 33. Rd7 Re8 34. Rxd6 Re1+ 35. Kh2 Bf4 36. Rd8+ Kh7 37. h4 Rb1 38. b4 Bf5 39. Rd5 Bd3 40. Be5 Bc4 41. Rc5 Bxg3+ 42. Kxg3 Rh1 43. Bd4 Kg6 44. f4 Kh7 45. Re5 Kg6 46. Kg4 Rf1 47. f5+ Kh7 48. Rc5 Bd3 49. Rd5 Bc4 50. Re5 Bd3 1/2-1/2

[Event "Varna"]
[Site "Varna"]
[Date "1982.??.??"]
[Round "10"]
[White "Grigorov, Jordan N"]
[Black "Georgiev, Kiril"]
[Result "1-0"]
[WhiteElo "2360"]
[BlackElo "2380"]
[PlyCount "81"]
[EventDate "1982.05.??"]
[Source "ChessBase"]

1. e4 c5 2. Nf3 d6 3. d4 cxd4 4. Qxd4 Nc6 5. Bb5 Qd7 6. Qa4 a6 7. O-O e6 8. c4 Nge7 9. Nc3 Ng6 10. Rd1 Rb8 11. Bxc6 bxc6 12. b4 Be7 13. Be3 O-O 14. a3 Qc7 15. Rab1 Bd7 16. c5 d5 17. Qxa6 dxe4 18. Nxe4 e5 19. Nd6 Bg4 20. Qc4 Be6 21. Qc3 f6 22. Nd2 f5 23. f4 exf4 24. Bd4 Rfd8 25. N2c4 Bd5 26. Nxf5 Qd7 27. Nxe7+ Qxe7 28. Nb6 Rxb6 29. cxb6 Nh4 30. Qc2 Qg5 31. Bc5 f3 32. Rxd5 Qxd5 33. Qb3 Qxb3 34. Rxb3 fxg2 35. Rb1 Rd2 36. Bf2 Nf3+ 37. Kxg2 Ne5 38. Re1 Nd7 39. b7 Kf7 40. Kg1 Rd3 41. Bc5 1-0